Quiz - Records sportifs - Statistiques

Statistiques générales
  • Ce quiz a été pris 282 fois
  • Le résultat moyen est 6 sur 20
Statistiques - réponses
Sport Enoncé du record Pays Réponse % Correct
Football Le plus de Ballon d'Or consécutifs Argentine Lionel Messi
100%
Football Le plus de Ballon d'Or consécutifs Argentine 4
87%
Athlétisme Record sur 100 mètres (homme) (en seconde) Jamaique Usain Bolt
85%
Judo Le plus grand nombre de titres de champion du monde France Teddy Riner
80%
Judo Le plus grand nombre de titres de champion du monde France 11
67%
Athlétisme Record sur 100 mètres (homme) (en seconde) Jamaique 9.58
58%
Athlétisme Record du saut à la perche (Homme) (en mètres) Suède Armand Duplantis
48%
Athlétisme Record du saut à la perche (Homme) (en mètres) Suède 6,23
30%
Equitation Le plus de participations aux Jeux Olympiques Canada 10
27%
Ski alpin Le plus grand nombre de victoires en coupe du monde sur une saison. Etats-Unis 17
17%
Ski alpin Le plus grand nombre de victoires en coupe du monde sur une saison. Etats-Unis Mikaela Shiffrin
12%
Tennis Le plus grand nombre de titre en Grand Chelem Australie Margaret Smith Court
11%
Marathon Le meilleur temps masculin (en heure,minutes,secondes) Kenya Kelvin Kiptum
9%
Marathon Le meilleur temps masculin (en heure,minutes,secondes) Kenya 2,00,35
7%
Tennis Le plus grand nombre de titre en Grand Chelem Australie 64
4%
Rugby Le plus grand nombre d'essais marqués Japon 69
3%
Equitation Le plus de participations aux Jeux Olympiques Canada Ian Millar
1%
Tennis de table Le plus long échange en compétition (en coups) Pays-Bas/ Japon 766
0%
Rugby Le plus grand nombre d'essais marqués Japon Daisuke Ohata
0%
Tennis de table Le plus long échange en compétition (en coups) Pays-Bas/ Japon Li Jie/ Hitomi Sato
0%
Aucun quiz correspondant
Distribution des résultats
% des personnes avec chaque résultat
Percentile par nombre de réponses
Votre historique - résultats
Vous n’avez pas pris ce quiz